000
00420nam a2200145Ia 4500
008
090124s9999 xx 000 0 und d
082
_b
400952
245
_a
बाल रामायण
250
_a
1
260
_b
चिटणीस शं. ल (शंकर लक्ष्मण)
_c
1971
300
_a
143
630
_a
बाल रामायण
730
_a
बाल रामायण
942
_c
BOOK
999
_c
197223
_d
197223